Koncepčný návrh lesnej lanovky, ako prídavné zariadenia LPS

Salvato in:
Dettagli Bibliografici
Autore principale: Urbanovič, Peter (Autore)
Altri autori: Gulan, Ladislav (Relatore della tesi)
Natura: Manoscritto Libro
Lingua:slovacco
Pubblicazione: 2025
Soggetti:
Accesso online:http://is.stuba.sk/zp/portal_zp.pl?podrobnosti=185857
Tags: Aggiungi Tag
Nessun Tag, puoi essere il primo ad aggiungerne!!

MARC

LEADER 00000ntm a22000003a 4500
001 stuzp105371
003 SK-STU
005 20250621210526.3
007 ta
008 150427s2015----xo-----f-mn---000-0-slo-d
040 |a STU  |b slo 
041 0 |a slo 
100 1 |a Urbanovič, Peter  |u 020030  |4 aut  |U SjF Strojnícka fakulta  |T SjF Ústav automobilového inžinierstva a konštruovania  |X 112407  |U J0030  |Y 806  |7 112407 
242 0 1 |a Conceptual design of the forest cableway as additional LPS equipment  |y eng 
245 1 0 |a Koncepčný návrh lesnej lanovky, ako prídavné zariadenia LPS 
260 |c 2025 
650 4 |a lesná lanovka  |2 slo 
650 4 |a LPS80  |2 slo 
650 4 |a pásový ťahač  |2 slo 
650 4 |a forest cableway  |2 eng 
650 4 |a LPS80  |2 eng 
650 4 |a tracked skidder  |2 eng 
700 1 |a Gulan, Ladislav  |u 020030  |k Z1  |4 ths  |U SjF Strojnícka fakulta  |T SjF Ústav automobilového inžinierstva a konštruovania  |X 2356  |U J0030  |Y 806  |7 A000002356 
856 4 |u http://is.stuba.sk/zp/portal_zp.pl?podrobnosti=185857